000 00392nam a22001457a 4500
008 230621b xxu||||| |||| 00| 0 eng d
020 _a0905702093
082 _a328.4
_bDOD
100 _cDod's Parliamentary Companion
245 _aDod's Parliamentary Companion 1984
_b152nd Year
260 _bDod's Parliamentary Companion
_c1984
300 _a781p
440 _x00707007
942 _2ddc
_cBK
999 _c2167
_d2167